00523nam a22001577a 4500003000400000005001700004008004100021020001500062050002400077082002800101100002300129245010800152260006600260300003300326562000600359OSt20140310181957.0130727t xxu||||| |||| 00| 0 eng d a9715116590 aRG 525 b.G261 2002 aFIL 899.2113 bG22 2001 aGatmaitan, Luis P. aAba, may baby sa loob ng tiyan ni mommy! (wow, there's a baby in mommy's tummy!) /cLuis P. Gatmaitan. aMandaluyong City, Metro Manila : bOMF Literature Inc,c2002. a20 p. :bcol. ill. ;c25 cm. e1